000 00283nam a22001337a 4500
008 170616b xxu||||| |||| 00| 0 eng d
020 _a0316110612
041 _aeng
080 _a323
100 _a20
101 _aSHP
245 _aON THE FRONT BURNER
_cBROWN,S
942 _2udc
_cBK
999 _c17687
_d17687